00771nam a22002297a 450000500170000001000130001702000100003003500130004003700160005304000120006908200170008110000400009824500700013826000400020827000290024830000210027765000240029865000330032294200260035599900190038195201410040020170124110154.0 aA-710556 c45.00 aA-710556 bCen Lib/Ret aDPLbEN a181.495bMCG aMcgovern, William Montgomery934699 aA manual of buddhist philosophy /cby William Montgomery Mcgovern aLucknowc1976bOriental reprinters  bLucknowa72, Hazrat ganj a205p.c221cm(Hb) aPhilosophy 9102086 aBuddhist philosophy 9102087 2ddccENh181.495mMCG c132438d132438 00104070aLbLd2015-07-22eCen Lib/Retg45.00l4m1o181.495 MCGpA-710556r2024-12-09 00:00:00s2024-10-22t1v45.00w2015-07-22yEN